000 00763cam a2200265 4500
001 3608269
003 ARRUPE
005 20161102092633.0
008 721215s1972 enk b 001 0 eng
010 _a 72170600
020 _a0140214437
040 _aDLC
_cDLC
_dDLC
050 0 0 _aBX6.5
_b.T53
082 0 0 _a262/.001
100 1 _aTill, Barry.
_927180
245 1 4 _aThe churches search for unity.
_cBarry Till
260 _a[Harmondsworth, Eng.,
_aBaltimore]
_bPenguin Books
_c[1972]
300 _a555 p.
_c19 cm.
350 _a$3.50 (U.S.)
490 0 _aPelican books,
_vA1443
504 _aBibliography: p. 524-[550]
650 0 _aChristian union
_xHistory.
_927181
906 _a7
_bcbc
_corignew
_d2
_encip
_f19
_gy-gencatlg
942 _2lcc
_cMONOGRAPH
999 _c125632
_d125632